[Event "Chicago Open"]
[Site "Wheeling, IL"]
[Date "2011.05.28"]
[Round "4"]
[White "Young, Angelo"]
[Black "Itkin, David"]
[Result "0-1"]
[WhiteElo "2371"]
[BlackElo "1952"]
[PlyCount "39"]
[EventDate "2011.05.??"]
[EventType "swiss"]
[EventRounds "9"]
[EventCountry "USA"]
[Source "MonRoi"]

1. Nf3 Nf6 2. g3 g6 3. Bg2 Bg7 4. O-O O-O 5. d4 d6 6. c4 Nc6 7. b3 e5 8. Bb2 e4
9. Ne1 Re8 10. d5 Ne5 11. Nc2 Nh5 12. Nc3 f5 13. Qd2 Ng4 14. Nd1 Bh6 15. Qc3
Bg7 16. Qd2 Bh6 17. Qc3 Bg7 18. Qa5 Bxb2 19. Nxb2 f4 20. Qc3 0-1

[Event "Chicago Open"]
[Site "Wheeling, IL"]
[Date "2011.05.28"]
[Round "5"]
[White "Kacheishvili, Giorgi"]
[Black "Mandiza, Farai"]
[Result "1-0"]
[WhiteElo "2599"]
[BlackElo "2412"]
[PlyCount "95"]
[EventDate "2011.05.??"]
[EventType "swiss"]
[EventRounds "9"]
[EventCountry "USA"]
[Source "MonRoi"]

1. d4 f5 2. Nc3 d5 3. Bg5 Nf6 4. Bxf6 exf6 5. e3 c6 6. Bd3 Bd6 7. Qf3 g6 8. h3
Na6 9. a3 b5 10. Nge2 Nc7 11. g4 Ne6 12. gxf5 Ng5 13. Qg2 gxf5 14. h4 Nf7 15.
Rg1 Be6 16. Qf3 Qd7 17. Ng3 Rg8 18. Nce2 Bxg3 19. Rxg3 O-O-O 20. a4 b4 21.
O-O-O Rxg3 22. Nxg3 Nd6 23. Nh5 Qf7 24. Rg1 Rg8 25. Rxg8+ Qxg8 26. Nxf6 Qg1+
27. Kd2 Qa1 28. Ba6+ Kd8 29. Qg3 Ke7 30. Qg5 Kf7 31. Qg8+ Ke7 32. Qg7+ Bf7 33.
Ng8+ Kd7 34. Bd3 Qxb2 35. Nh6 Ke7 36. Qe5+ Kd7 37. Nxf7 Nc4+ 38. Bxc4 Qc3+ 39.
Kd1 Qxc4 40. Qxf5+ Kc7 41. Ne5 Qf1+ 42. Kd2 Kb6 43. Nd3 Ka5 44. Qf8 Qb1 45.
Qc5+ Kxa4 46. Qxa7+ Kb5 47. Qc5+ Ka4 48. Qxc6+ 1-0

[Event "Chicago Open"]
[Site "Wheeling, IL"]
[Date "2011.05.28"]
[Round "5"]
[White "Ramirez, Alejandro"]
[Black "Adamson, Robby"]
[Result "1-0"]
[WhiteElo "2579"]
[BlackElo "2328"]
[PlyCount "78"]
[EventDate "2011.05.??"]
[EventType "swiss"]
[EventRounds "9"]
[EventCountry "USA"]
[Source "MonRoi"]

1. Nf3 c5 2. g3 g6 3. Bg2 Bg7 4. O-O Nc6 5. c4 e6 6. Nc3 Nge7 7. a3 O-O 8. d3
d5 9. cxd5 exd5 10. Bd2 b6 11. Rb1 Bb7 12. b4 cxb4 13. axb4 d4 14. Ne4 Nd5 15.
Qb3 Qd7 16. h4 Kh8 17. h5 gxh5 18. b5 Nce7 19. Qa3 Rad8 20. Rfc1 f5 21. Bh3 Nc8
22. Nh4 Ba8 23. Rc2 Nce7 24. Bg5 Rc8 25. Rxc8 Nxc8 26. Rc1 Nde7 27. Kh2 Kg8 28.
Bf4 Nd5 29. Qxf8+ Kxf8 30. Bxf5 Qe7 31. Rxc8+ Kf7 32. Ng5+ Kf6 33. Nxh7+ Kf7
34. Ng5+ Kf6 35. Ne4+ Kf7 36. Nd6+ Kf6 37. Ne8+ Kf7 38. Bg6+ Ke6 39. Nf5 Qa3
1-0

[Event "Chicago Open"]
[Site "Wheeling, IL"]
[Date "2011.05.28"]
[Round "5"]
[White "Adu, Oladapo"]
[Black "Sadorra, Julio"]
[Result "0-1"]
[WhiteElo "2295"]
[BlackElo "2498"]
[PlyCount "48"]
[EventDate "2011.05.??"]
[EventType "swiss"]
[EventRounds "9"]
[EventCountry "USA"]
[Source "MonRoi"]

1. Nf3 Nf6 2. d4 d5 3. Bg5 Ne4 4. Bf4 c5 5. e3 Qb6 6. Qc1 Nc6 7. c3 f6 8. h4
Bf5 9. Be2 Rc8 10. O-O g6 11. Nbd2 Bg7 12. Nxe4 Bxe4 13. dxc5 Qxc5 14. Nd2 e5
15. Bg3 O-O 16. Qd1 f5 17. Bh2 Rcd8 18. Kh1 d4 19. cxd4 exd4 20. Nxe4 fxe4 21.
Qb3+ Kh8 22. Qxb7 d3 23. Bxd3 exd3 24. Rac1 Rxf2 0-1

[Event "Chicago Open"]
[Site "Wheeling, IL"]
[Date "2011.05.28"]
[Round "5"]
[White "Veech, John"]
[Black "Krush, Irina"]
[Result "1/2-1/2"]
[WhiteElo "2108"]
[BlackElo "2469"]
[PlyCount "64"]
[EventDate "2011.05.??"]
[EventType "swiss"]
[EventRounds "9"]
[EventCountry "USA"]
[Source "MonRoi"]

1. d4 Nf6 2. c4 e6 3. g3 d5 4. Nf3 dxc4 5. Bg2 Nc6 6. Qa4 Bb4+ 7. Bd2 Nd5 8.
Bxb4 Ndxb4 9. Na3 O-O 10. O-O a6 11. Ne5 Qxd4 12. Nxc6 Nxc6 13. Bxc6 bxc6 14.
Nxc4 Rb8 15. Qc2 a5 16. b3 Qc5 17. Rac1 Ba6 18. Qe4 Rb4 19. Qe5 Qxe5 20. Nxe5
Bxe2 21. Rfe1 Bb5 22. Nxc6 Bxc6 23. Rxc6 a4 24. Rxc7 axb3 25. axb3 Rxb3 26. h4
h5 27. Re5 g6 28. Ra5 Rd8 29. Kg2 Rdd3 30. Ra8+ Kg7 31. Re8 Rdc3 32. Ra7 Ra3
1/2-1/2

[Event "Chicago Open"]
[Site "Wheeling, IL"]
[Date "2011.05.28"]
[Round "5"]
[White "Zenyuk, Iryna"]
[Black "McClanahan, Gavin"]
[Result "1-0"]
[WhiteElo "2222"]
[BlackElo "1965"]
[PlyCount "55"]
[EventDate "2011.05.??"]
[EventType "swiss"]
[EventRounds "9"]
[EventCountry "USA"]
[Source "MonRoi"]

1. d4 d5 2. c4 c6 3. cxd5 cxd5 4. Bf4 Nf6 5. e3 Nc6 6. Bd3 Bg4 7. Ne2 e6 8. O-O
Bd6 9. f3 Bh5 10. Nbc3 Bg6 11. Rc1 Bxd3 12. Qxd3 O-O 13. a3 Na5 14. Bxd6 Qxd6
15. e4 Nd7 16. e5 Qb6 17. Na4 Nxe5 18. Qc2 Qb5 19. dxe5 Nc4 20. Nd4 Qa6 21.
Rfe1 b5 22. Nc5 Qb6 23. b4 Rfc8 24. Ra1 a5 25. Ndb3 axb4 26. axb4 Ra4 27. Qc3
Rd8 28. Kh1 1-0

[Event "Chicago Open"]
[Site "Wheeling, IL"]
[Date "2011.05.28"]
[Round "5"]
[White "Abrahamyan, Tatev"]
[Black "Brock, William"]
[Result "1/2-1/2"]
[WhiteElo "2335"]
[BlackElo "2024"]
[PlyCount "57"]
[EventDate "2011.05.??"]
[EventType "swiss"]
[EventRounds "9"]
[EventCountry "USA"]
[Source "MonRoi"]

1. e4 e5 2. Nf3 Nc6 3. Bc4 Bc5 4. O-O Nf6 5. Re1 O-O 6. d3 d6 7. c3 a6 8. Bb3
Ba7 9. h3 Be6 10. Nbd2 Qd7 11. Nf1 h6 12. N3h2 d5 13. Qf3 dxe4 14. dxe4 Bxb3
15. axb3 Qe6 16. b4 Rfd8 17. Ng3 Ne7 18. Nf5 Nxf5 19. exf5 Qd5 20. Qg3 Ne4 21.
Rxe4 Qxe4 22. Bxh6 g6 23. Ng4 Qxf5 24. Qh4 Rd6 25. Bg5 Kg7 26. Qh6+ Kg8 27. Qh4
Kg7 28. Qh6+ Kg8 29. Qh4 1/2-1/2

[Event "Chicago Open"]
[Site "Wheeling, IL"]
[Date "2011.05.28"]
[Round "5"]
[White "Smith, Garrett"]
[Black "Aliyev, Timur"]
[Result "0-1"]
[WhiteElo "2094"]
[BlackElo "2256"]
[PlyCount "88"]
[EventDate "2011.05.??"]
[EventType "swiss"]
[EventRounds "9"]
[EventCountry "USA"]
[Source "MonRoi"]

1. e4 c5 2. Nf3 Nc6 3. d4 cxd4 4. Nxd4 g6 5. Nc3 Bg7 6. Be3 Nf6 7. Bc4 O-O 8.
Bb3 a5 9. f3 d5 10. exd5 Nb4 11. Nde2 a4 12. Nxa4 Nfxd5 13. Bd2 Bf5 14. a3 Nc6
15. Nac3 Nxc3 16. Nxc3 Nd4 17. Be3 Nxb3 18. cxb3 Qc7 19. O-O Rfd8 20. Qe1 Rd3
21. Qf2 Be5 22. g4 Be6 23. Qe2 Rad8 24. Rfd1 Rxd1+ 25. Rxd1 Rxd1+ 26. Nxd1 Bxb3
27. Nc3 Be6 28. Qd2 f6 29. h3 Bxc3 30. Qxc3 Qg3+ 31. Kf1 Qxf3+ 32. Bf2 Qxc3 33.
bxc3 h5 34. gxh5 Bxh3+ 35. Ke1 gxh5 36. Ke2 Kf7 37. Ke3 e5 38. c4 Ke6 39. Bh4
Bf1 40. c5 f5 41. Bg5 Kd5 42. Be7 Bb5 43. Kf3 f4 44. Bf6 Bc6 0-1

[Event "Chicago Open"]
[Site "Wheeling, IL"]
[Date "2011.05.29"]
[Round "6"]
[White "Gelashvili, Tamaz"]
[Black "Harikrishna, Penteala"]
[Result "1/2-1/2"]
[WhiteElo "2611"]
[BlackElo "2666"]
[PlyCount "25"]
[EventDate "2011.05.??"]
[EventType "swiss"]
[EventRounds "9"]
[EventCountry "USA"]
[Source "MonRoi"]

1. d4 Nf6 2. c4 e6 3. Nf3 d5 4. Nc3 Be7 5. Bg5 h6 6. Bh4 O-O 7. e3 Ne4 8. Bxe7
Qxe7 9. Rc1 c6 10. Bd3 Nxc3 11. Rxc3 dxc4 12. Bxc4 Nd7 13. O-O 1/2-1/2

[Event "Chicago Open"]
[Site "Wheeling, IL"]
[Date "2011.05.29"]
[Round "6"]
[White "Sadorra, Julio"]
[Black "Gareyev, Timur"]
[Result "1/2-1/2"]
[WhiteElo "2498"]
[BlackElo "2610"]
[PlyCount "68"]
[EventDate "2011.05.??"]
[EventType "swiss"]
[EventRounds "9"]
[EventCountry "USA"]
[Source "MonRoi"]

1. c4 Nf6 2. Nc3 e5 3. Nf3 Nc6 4. e4 Bb4 5. d3 d6 6. g3 O-O 7. Bg2 Bg4 8. h3
Bxf3 9. Qxf3 b5 10. cxb5 Nd4 11. Qd1 Nxb5 12. Bd2 c6 13. O-O Bc5 14. Rc1 Rc8
15. Kh2 Nd7 16. h4 Bb6 17. Nxb5 cxb5 18. Rxc8 Qxc8 19. Bh3 Qb7 20. h5 Nc5 21.
h6 g6 22. Bg5 Ne6 23. Bf6 Bd8 24. Bxd8 Rxd8 25. Bxe6 fxe6 26. f4 exf4 27. Rxf4
Rf8 28. Qb3 Rxf4 29. gxf4 Qf7 30. Qxb5 Qxf4+ 31. Kg2 Qd2+ 32. Kg3 Qe3+ 33. Kg2
Qe2+ 34. Kg3 Qe3+ 1/2-1/2

[Event "Chicago Open"]
[Site "Wheeling, IL"]
[Date "2011.05.29"]
[Round "6"]
[White "Mandiza, Farai"]
[Black "Bodek, Michael"]
[Result "0-1"]
[WhiteElo "2412"]
[BlackElo "2180"]
[PlyCount "89"]
[EventDate "2011.05.??"]
[EventType "swiss"]
[EventRounds "9"]
[EventCountry "USA"]
[Source "MonRoi"]

1. b3 d5 2. Bb2 Bg4 3. Nf3 Bxf3 4. gxf3 Nf6 5. e3 g6 6. c4 c6 7. cxd5 cxd5 8.
Bxf6 exf6 9. d4 Nc6 10. Bg2 Bb4+ 11. Kf1 Ne7 12. a3 Bd6 13. Qd3 Qd7 14. Nc3
O-O-O 15. f4 Kb8 16. b4 Rc8 17. Ke2 Qe6 18. Kd2 Rc7 19. h3 Rhc8 20. Rhc1 Rc4
21. Qb1 Bxf4 22. Bf1 Rxd4+ 23. Bd3 Bh6 24. Nb5 Rh4 25. Rxc8+ Qxc8 26. Qb2 Qe6
27. Rc1 Nc6 28. Kd1 Qe5 29. Qb3 a6 30. Nc3 Rxh3 31. Nxd5 Rh1+ 32. Kd2 Rh2 33.
Ke1 Qg5 34. Bf1 Qg1 35. Qc2 Bg5 36. Rd1 Bh4 37. Rd2 Rh1 38. Qc4 b5 39. Qe2 Ne5
40. Rd4 Qxf1+ 41. Qxf1 Nf3+ 42. Ke2 Nxd4+ 43. Ke1 Nc2+ 44. Ke2 Rxf1 45. Kxf1
0-1

[Event "Chicago Open"]
[Site "Wheeling, IL"]
[Date "2011.05.29"]
[Round "6"]
[White "Flaga, Krzysztof"]
[Black "Adu, Oladapo"]
[Result "1-0"]
[WhiteElo "2005"]
[BlackElo "2295"]
[PlyCount "108"]
[EventDate "2011.05.??"]
[EventType "swiss"]
[EventRounds "9"]
[EventCountry "USA"]
[Source "MonRoi"]

1. Nf3 d5 2. d4 Nf6 3. c4 c6 4. Qc2 e6 5. g3 Nbd7 6. Bg2 Bd6 7. O-O Ne4 8. Nbd2
f5 9. b3 O-O 10. Bb2 Qf6 11. Ne1 Qh6 12. Ndf3 Ndf6 13. Nd3 Ng4 14. Bc1 Qh5 15.
Bf4 Bxf4 16. Nxf4 Qh6 17. h3 Ngf6 18. Nd3 g5 19. Qc1 Qg7 20. Nfe5 Kh8 21. Kh2
Nd6 22. a4 a5 23. Qa3 Qc7 24. Rac1 Kg7 25. Rc2 Nf7 26. Qc1 h6 27. f3 Nh5 28. e3
Bd7 29. f4 Qd6 30. Nc5 Bc8 31. Ncd3 Bd7 32. Nc5 Bc8 33. Ncd3 Qe7 34. Nc5 Nd6
35. g4 Nf6 36. gxf5 dxc4 37. Ng6 Qe8 38. Nxf8 exf5 39. bxc4 g4 40. Nd3 Qxf8 41.
Ne5 Qe7 42. Qa3 Be6 43. Rd1 gxh3 44. Bxh3 Ng4+ 45. Kg1 Kh7 46. d5 Rg8 47. Bxg4
cxd5 48. cxd5 Qh4 49. Rg2 Nc4 50. Qd3 Nxe5 51. Bxf5+ Bxf5 52. Qxf5+ Ng6 53. d6
Qd8 54. d7 Qe7 1-0

[Event "Chicago Open"]
[Site "Wheeling, IL"]
[Date "2011.05.29"]
[Round "6"]
[White "Homa, Seth"]
[Black "Brock, William"]
[Result "1/2-1/2"]
[WhiteElo "2275"]
[BlackElo "2024"]
[PlyCount "81"]
[EventDate "2011.05.??"]
[EventType "swiss"]
[EventRounds "9"]
[EventCountry "USA"]
[Source "MonRoi"]

1. e4 e5 2. Nf3 Nc6 3. Bc4 Bc5 4. c3 Nf6 5. d3 a6 6. O-O d6 7. Bb3 Ba7 8. Be3
O-O 9. Nbd2 Be6 10. Bc2 Bxe3 11. fxe3 Ng4 12. Qe2 Kh8 13. d4 Bd7 14. h3 Nh6 15.
Nh2 Qg5 16. Rf3 g6 17. Raf1 Kg7 18. Qf2 Qe7 19. g4 f6 20. Qg2 Rae8 21. R1f2 Nd8
22. Bb3 Be6 23. d5 Bd7 24. Ndf1 c5 25. h4 b5 26. Bd1 Ng8 27. Ng3 c4 28. Rf1 Nb7
29. Kh1 Nc5 30. Rg1 Kh8 31. h5 g5 32. h6 Nxh6 33. Qh3 Ng8 34. Bc2 Rb8 35. Qf1
Rb7 36. Nh5 Be8 37. Rg2 Bg6 38. Ng3 Qd8 39. Rgf2 h6 40. Qe2 Rh7 41. Kg1 1/2-1/2

[Event "Chicago Open"]
[Site "Wheeling, IL"]
[Date "2011.05.29"]
[Round "6"]
[White "Helfst, Matt"]
[Black "Abrahamyan, Tatev"]
[Result "0-1"]
[WhiteElo "1910"]
[BlackElo "2335"]
[PlyCount "38"]
[EventDate "2011.05.??"]
[EventType "swiss"]
[EventRounds "9"]
[EventCountry "USA"]
[Source "MonRoi"]

1. c4 Nf6 2. b3 g6 3. Bb2 Bg7 4. Nf3 O-O 5. d4 d6 6. e3 Nfd7 7. Nc3 e5 8. dxe5
dxe5 9. e4 Na6 10. g3 c6 11. Bg2 Qc7 12. O-O Ndc5 13. Qc2 Bg4 14. Ne1 Ne6 15.
Ne2 Nb4 16. Qd2 Rad8 17. Qe3 Bh6 18. Qxh6 Bxe2 19. f4 Bxf1 0-1

[Event "Chicago Open"]
[Site "Wheeling, IL"]
[Date "2011.05.29"]
[Round "7"]
[White "Ramirez, Alejandro"]
[Black "Gelashvili, Tamaz"]
[Result "1/2-1/2"]
[WhiteElo "2579"]
[BlackElo "2611"]
[PlyCount "33"]
[EventDate "2011.05.??"]
[EventType "swiss"]
[EventRounds "9"]
[EventCountry "USA"]
[Source "MonRoi"]

1. c4 e6 2. g3 Nf6 3. Bg2 d5 4. Nf3 c5 5. cxd5 Nxd5 6. O-O Be7 7. d4 cxd4 8.
Nxd4 Nc6 9. Nb5 O-O 10. N1c3 a6 11. Nxd5 exd5 12. Nc3 d4 13. Nd5 Bc5 14. Bf4
Bg4 15. Bc7 Qg5 16. Qc1 Qxc1 17. Raxc1 1/2-1/2

[Event "Chicago Open"]
[Site "Wheeling, IL"]
[Date "2011.05.29"]
[Round "7"]
[White "Gareyev, Timur"]
[Black "Gurevich, Dmitry"]
[Result "1-0"]
[WhiteElo "2610"]
[BlackElo "2476"]
[PlyCount "86"]
[EventDate "2011.05.??"]
[EventType "swiss"]
[EventRounds "9"]
[EventCountry "USA"]
[Source "MonRoi"]

1. d4 Nf6 2. c4 e6 3. Nf3 d5 4. Nc3 Be7 5. Bg5 h6 6. Bh4 O-O 7. e3 b6 8. Qb3
Bb7 9. Bxf6 Bxf6 10. cxd5 exd5 11. Rd1 Re8 12. Bd3 c6 13. O-O Nd7 14. Rfe1 Nf8
15. Bb1 Rc8 16. a3 g6 17. h3 Ne6 18. Ba2 Rc7 19. Qa4 a6 20. b4 Rce7 21. Ne5
Bxe5 22. dxe5 Qa8 23. Rd2 a5 24. Qc2 axb4 25. axb4 Nc7 26. f4 c5 27. bxc5 bxc5
28. Red1 c4 29. Bb1 Qa7 30. Rd4 Ne6 31. Kh1 Ng7 32. Nb5 Qb6 33. Nd6 Rf8 34. Qf2
Re6 35. Bc2 Ba8 36. Qg3 Qb2 37. R4d2 Qc3 38. Nb5 Qb4 39. Nd4 Ra6 40. Rf2 Qe7
41. Rb1 Kh8 42. Rf3 Bc6 43. f5 gxf5 1-0

[Event "Chicago Open"]
[Site "Wheeling, IL"]
[Date "2011.05.29"]
[Round "7"]
[White "Kacheishvili, Giorgi"]
[Black "Hungaski, Robert"]
[Result "0-1"]
[WhiteElo "2599"]
[BlackElo "2452"]
[PlyCount "81"]
[EventDate "2011.05.??"]
[EventType "swiss"]
[EventRounds "9"]
[EventCountry "USA"]
[Source "MonRoi"]

1. d4 Nf6 2. c4 e6 3. Nc3 c5 4. d5 exd5 5. cxd5 Bd6 6. Bg5 O-O 7. e3 Re8 8. Nf3
a6 9. a4 Bf8 10. d6 Re6 11. Bc4 Rxd6 12. Qe2 Nc6 13. Bf4 Re6 14. Bxe6 fxe6 15.
O-O b6 16. e4 d5 17. Bg5 Qd7 18. Bxf6 gxf6 19. exd5 exd5 20. Rfe1 Bb7 21. Rad1
d4 22. Qc4+ Kh8 23. Ne4 Bg7 24. Qb3 Qc7 25. Nh4 Ne5 26. Qe6 Qc6 27. Qxc6 Bxc6
28. a5 Bxe4 29. Rxe4 bxa5 30. f4 Nc4 31. Nf5 a4 32. Nxd4 Nxb2 33. Rb1 a3 34.
Nc2 f5 35. Re6 Nc4 36. Rc6 a2 37. Re1 Na5 38. Rxc5 Nb3 39. Rxf5 Nd4 40. Nxd4
Bxd4+ 41. Kf1 0-1

[Event "Chicago Open"]
[Site "Wheeling, IL"]
[Date "2011.05.29"]
[Round "7"]
[White "Arnold, Marc"]
[Black "Sadorra, Julio"]
[Result "1-0"]
[WhiteElo "2432"]
[BlackElo "2498"]
[PlyCount "180"]
[EventDate "2011.05.??"]
[EventType "swiss"]
[EventRounds "9"]
[EventCountry "USA"]
[Source "MonRoi"]

1. d4 Nf6 2. c4 e6 3. Nf3 d5 4. Nc3 dxc4 5. e4 Bb4 6. Bg5 c5 7. Bxc4 cxd4 8.
Nxd4 Qa5 9. Bd2 O-O 10. Qe2 Rd8 11. Nb3 Qc7 12. a3 Bxc3 13. Bxc3 Nc6 14. Rc1 e5
15. O-O Qe7 16. Na5 Nd4 17. Qe1 Nh5 18. f3 Nf4 19. Kh1 Be6 20. Bxe6 Ndxe6 21.
Qe3 Rd3 22. Qf2 Rd7 23. Rcd1 Nd3 24. Qe3 Nec5 25. b4 Rad8 26. bxc5 Nf2+ 27.
Qxf2 Rxd1 28. g3 Qe6 29. Qe2 Rxf1+ 30. Qxf1 b6 31. Nc4 Rc8 32. Qd3 f6 33. cxb6
axb6 34. Ne3 Kf7 35. Kg2 h5 36. h4 Qa2+ 37. Qd2 Qe6 38. Bb4 Kg6 39. Qd5 Qe8 40.
Nf5 Rc7 41. Kh3 Qc8 42. g4 hxg4+ 43. fxg4 Kh7 44. Ne7 Rc3+ 45. Kh2 Rc2+ 46. Kg3
Qc4 47. Qxc4 Rxc4 48. Kf3 g6 49. Nd5 f5 50. exf5 gxf5 51. gxf5 Rxh4 52. Be7 Rd4
53. f6 Kg6 54. Nxb6 Kf7 55. a4 Rd1 56. Nc4 Ke6 57. a5 Rc1 58. Na3 Rc6 59. Ke4
Ra6 60. Nc4 Ra7 61. Kd3 Rd7+ 62. Kc3 e4 63. Nd6 Ra7 64. Nc4 Rd7 65. Kb4 Rd4 66.
Kb5 Rd5+ 67. Kb4 Rd4 68. Bc5 Rd8 69. a6 Ra8 70. Kb5 Kxf6 71. a7 Ke6 72. Be3 Kf5
73. Kc6 Kg4 74. Kb7 Rd8 75. a8=Q Rxa8 76. Kxa8 Kf3 77. Kb7 Ke2 78. Kc6 Kd3 79.
Kd5 Kc3 80. Bd4+ Kd3 81. Ne3 Kd2 82. Kxe4 Ke2 83. Nc4 Ke1 84. Ke3 Kf1 85. Kf3
Ke1 86. Bf2+ Kd1 87. Ke3 Kc2 88. Kd4 Kb3 89. Be1 Ka4 90. Kc5 Kb3 1-0

[Event "Chicago Open"]
[Site "Wheeling, IL"]
[Date "2011.05.29"]
[Round "7"]
[White "Sundararajan, Kidambi"]
[Black "Jones, Craig"]
[Result "1-0"]
[WhiteElo "2467"]
[BlackElo "2244"]
[PlyCount "43"]
[EventDate "2011.05.??"]
[EventType "swiss"]
[EventRounds "9"]
[EventCountry "USA"]
[Source "MonRoi"]

1. Nf3 Nf6 2. c4 c5 3. Nc3 Nc6 4. e3 e6 5. d4 d5 6. a3 a6 7. dxc5 Bxc5 8. b4
Bd6 9. Bb2 O-O 10. Qc2 dxc4 11. Bxc4 b5 12. Ba2 Bb7 13. Rd1 Qc7 14. Ng5 Ne5 15.
Bb1 Bxg2 16. Rg1 h6 17. f4 hxg5 18. Qxg2 Neg4 19. Qh3 Nxe3 20. fxg5 Bxb4 21.
axb4 Qe5 22. Ne4 1-0

[Event "Chicago Open"]
[Site "Wheeling, IL"]
[Date "2011.05.29"]
[Round "7"]
[White "Andrews, Todd"]
[Black "Mo, Kevin"]
[Result "1-0"]
[WhiteElo "2291"]
[BlackElo "2065"]
[PlyCount "67"]
[EventDate "2011.05.??"]
[EventType "swiss"]
[EventRounds "9"]
[EventCountry "USA"]
[Source "MonRoi"]

1. e4 c5 2. Nf3 d6 3. d4 cxd4 4. Nxd4 Nf6 5. Nc3 a6 6. Bc4 e6 7. Bb3 Nbd7 8.
Qe2 Nc5 9. g4 Be7 10. g5 Nfd7 11. h4 Qc7 12. Be3 b5 13. O-O-O Bb7 14. f3 O-O-O
15. a3 Kb8 16. Kb1 g6 17. Ba2 Ne5 18. Rd2 Qa5 19. Nb3 Nxb3 20. Bxb3 Rc8 21. Qf2
Qc7 22. Bd4 Rhg8 23. Rhd1 Nc4 24. Rd3 Rgd8 25. Bxc4 Qxc4 26. Bb6 Rh8 27. Na2
Qc6 28. Nb4 Qe8 29. Rxd6 Bxd6 30. Rxd6 Qe7 31. e5 Ka8 32. Qd2 h6 33. Rd7 Qe8
34. Nxa6 1-0

[Event "Chicago Open"]
[Site "Wheeling, IL"]
[Date "2011.05.30"]
[Round "8"]
[White "Hungaski, Robert"]
[Black "Gareyev, Timur"]
[Result "0-1"]
[WhiteElo "2452"]
[BlackElo "2610"]
[PlyCount "82"]
[EventDate "2011.05.??"]
[EventType "swiss"]
[EventRounds "9"]
[EventCountry "USA"]
[Source "MonRoi"]

1. d4 Nf6 2. c4 c5 3. d5 b5 4. f3 bxc4 5. e4 d6 6. Bxc4 g6 7. Nc3 Bg7 8. Nge2
Nbd7 9. O-O Rb8 10. Rb1 Nb6 11. Bb5+ Nfd7 12. b3 O-O 13. Bd2 Ne5 14. Qc2 a6 15.
Bd3 e6 16. dxe6 fxe6 17. Nc1 d5 18. Be2 Nc6 19. Nd3 Nd4 20. Qd1 Qe7 21. Nf2 Bb7
22. Bd3 Qd6 23. Rc1 Rbd8 24. Bg5 Rd7 25. Ng4 c4 26. bxc4 dxc4 27. Bb1 h5 28.
Nf2 Qa3 29. Qe1 Rxf3 30. Kh1 Rff7 31. e5 Nf5 32. Nh3 Nd5 33. Rf3 Nxc3 34. Rfxc3
Qa5 35. Bf6 Bxf6 36. exf6 Rxf6 37. Nf4 Rd4 38. Qf2 Qxc3 39. Rxc3 Rd1+ 40. Qg1
Rxg1+ 41. Kxg1 Nd4 0-1

[Event "Chicago Open"]
[Site "Wheeling, IL"]
[Date "2011.05.30"]
[Round "8"]
[White "Sadorra, Julio"]
[Black "Abrahamyan, Tatev"]
[Result "1/2-1/2"]
[WhiteElo "2498"]
[BlackElo "2335"]
[PlyCount "111"]
[EventDate "2011.05.??"]
[EventType "swiss"]
[EventRounds "9"]
[EventCountry "USA"]
[Source "MonRoi"]

1. d4 Nf6 2. c4 g6 3. Nc3 Bg7 4. e4 d6 5. f4 O-O 6. Nf3 Na6 7. Bd3 e5 8. fxe5
dxe5 9. d5 Nc5 10. Be3 Nfd7 11. O-O a5 12. Bc2 Qe7 13. a3 b6 14. Rb1 Na6 15.
Nb5 Kh8 16. d6 cxd6 17. Qxd6 Qxd6 18. Nxd6 Nac5 19. b4 Ne6 20. Rbd1 Ra7 21.
Nxc8 Rxc8 22. Ba4 Nd4 23. Nxd4 exd4 24. Bxd4 Bxd4+ 25. Rxd4 Ne5 26. Bb5 axb4
27. axb4 Kg7 28. Rc1 Ra2 29. Rd5 f6 30. h3 Rb2 31. Ba6 Rc7 32. Rb5 Rxc4 33.
Rxc4 Nxc4 34. Bb7 Nd6 35. Rxb6 Nxb7 36. Rxb7+ Kh6 37. b5 Rb4 38. b6 Rxe4 39.
Rf7 Rb4 40. b7 f5 41. Kf2 g5 42. Ke3 Kg6 43. Rd7 h5 44. Kd3 f4 45. Kc3 Rb1 46.
Kc2 Rb4 47. Kc3 Rb1 48. Kd4 g4 49. hxg4 hxg4 50. Kc5 f3 51. gxf3 gxf3 52. Rd6+
Kg5 53. Rb6 Rxb6 54. Kxb6 f2 55. b8=Q f1=Q 56. Qg8+ 1/2-1/2

[Event "Chicago Open"]
[Site "Wheeling, IL"]
[Date "2011.05.30"]
[Round "8"]
[White "Gurevich, Dmitry"]
[Black "Andrews, Todd"]
[Result "1-0"]
[WhiteElo "2476"]
[BlackElo "2291"]
[PlyCount "81"]
[EventDate "2011.05.??"]
[EventType "swiss"]
[EventRounds "9"]
[EventCountry "USA"]
[Source "MonRoi"]

1. Nf3 g6 2. d4 Bg7 3. c4 c5 4. d5 b5 5. cxb5 a6 6. bxa6 Bxa6 7. Nc3 Nf6 8. g3
d6 9. Bg2 Nbd7 10. Rb1 Qa5 11. Bd2 O-O 12. O-O Bb7 13. Qc2 Qa6 14. e4 Ng4 15.
Rfd1 f5 16. Bf4 fxe4 17. Qxe4 e5 18. Bg5 Ndf6 19. Qc2 Bc8 20. Nh4 Ra7 21. h3
Nh6 22. Qd2 Nf5 23. Nxf5 Bxf5 24. Ra1 Raf7 25. a4 Qc8 26. g4 Bd7 27. Bxf6 Bxf6
28. Ne4 Be7 29. Ra3 Rf4 30. b4 cxb4 31. Qxb4 Qc2 32. Rf1 Rc8 33. a5 Rc4 34. Qb7
Rc7 35. Qb3 Qxb3 36. Rxb3 Rf8 37. Rb6 Ra8 38. Nxd6 Bxd6 39. Rxd6 Rxa5 40. Re1
Kf7 41. Rxe5 1-0

[Event "Chicago Open"]
[Site "Wheeling, IL"]
[Date "2011.05.30"]
[Round "8"]
[White "Mulyar, Michael"]
[Black "Santarius, Erik"]
[Result "1-0"]
[WhiteElo "2399"]
[BlackElo "2274"]
[PlyCount "115"]
[EventDate "2011.05.??"]
[EventType "swiss"]
[EventRounds "9"]
[EventCountry "USA"]
[Source "MonRoi"]

1. d4 d5 2. c4 e6 3. Nf3 Nf6 4. g3 dxc4 5. Bg2 a6 6. Ne5 Bb4+ 7. Nc3 Nd5 8. Bd2
b5 9. O-O Bxc3 10. bxc3 Bb7 11. Qb1 f6 12. Nxc4 Nxc3 13. Bxc3 Bxg2 14. Kxg2
bxc4 15. Qc2 Nc6 16. Rfd1 O-O 17. e4 Qd7 18. Qe2 f5 19. d5 exd5 20. exd5 Na7
21. Qxc4 f4 22. d6+ Rf7 23. dxc7 f3+ 24. Kg1 Qxc7 25. Qxc7 Rxc7 26. Be5 Re7 27.
Bf4 Rae8 28. Kf1 h6 29. h4 Re2 30. Rd3 Rb2 31. Rxf3 Ree2 32. Rd1 Rxa2 33. Bxh6
Nc6 34. Be3 a5 35. Rd7 Ne5 36. Rd8+ Kh7 37. Rf5 Nc4 38. Bd4 Re7 39. Rh5+ Kg6
40. Rc5 Nd2+ 41. Kg2 Nb3 42. h5+ Kh7 43. Rcc8 Kh6 44. Rd5 Kh7 45. Be5 Rf7 46.
Bf4 g6 47. hxg6+ Kxg6 48. Rg8+ Kf6 49. Rd6+ Ke7 50. Rgg6 Rf5 51. Rb6 Kf7 52.
Rgc6 a4 53. Rb7+ Kg8 54. Rg6+ Kh8 55. Re7 Nc5 56. Be5+ Rxe5 57. Rxe5 Rxf2+ 58.
Kg1 1-0

[Event "Chicago Open"]
[Site "Wheeling, IL"]
[Date "2011.05.30"]
[Round "8"]
[White "Magness, Trevor"]
[Black "Adu, Oladapo"]
[Result "0-1"]
[WhiteElo "2130"]
[BlackElo "2295"]
[PlyCount "58"]
[EventDate "2011.05.??"]
[EventType "swiss"]
[EventRounds "9"]
[EventCountry "USA"]
[Source "MonRoi"]

1. e4 d6 2. d4 g6 3. Nc3 Bg7 4. f4 c6 5. Nf3 Bg4 6. Be3 d5 7. e5 e6 8. h3 Bxf3
9. Qxf3 Ne7 10. b4 O-O 11. Na4 Qc7 12. Bd3 Nd7 13. g4 f6 14. exf6 Rxf6 15. Qg2
Raf8 16. O-O Rxf4 17. Rxf4 Rxf4 18. Qh2 g5 19. Nc5 Nf8 20. Re1 Qd6 21. c3 b6
22. Bxf4 gxf4 23. Nxe6 Nxe6 24. Qe2 Kf7 25. Bxh7 Ng5 26. Bc2 Bf6 27. h4 f3 28.
Qd2 Qg3+ 29. Kf1 Nh3 0-1